Catálogo

El sentido de la vida : (Registro nro. 32935)

Detalles MARC
000 -LEADER
fixed length control field 00891cam a2200277 i 4500
001 - CONTROL NUMBER
control field 32935
003 - CONTROL NUMBER IDENTIFIER
control field Mx-PuUPA
005 - DATE AND TIME OF LATEST TRANSACTION
control field 20220510101337.0
008 - FIXED-LENGTH DATA ELEMENTS--GENERAL INFORMATION
fixed length control field 140415s2012 mx gr 001 p spa d
020 ## - INTERNATIONAL STANDARD BOOK NUMBER
International Standard Book Number 9789706850812
040 ## - CATALOGING SOURCE
Original cataloging agency Mx-PuUPA
Language of cataloging spa
Transcribing agency Mx-PuUPA
Modifying agency Mx-PuUPA
Description conventions rda
041 0# - LANGUAGE CODE
Language code of text/sound track or separate title spa
100 1# - MAIN ENTRY--PERSONAL NAME
Personal name Larrañaga, Ignacio,
Relator term autor
9 (RLIN) 9882
245 13 - TITLE STATEMENT
Title El sentido de la vida :
Remainder of title oraciones y reflexiones para cada día del año /
Statement of responsibility, etc. Ignacio Larrañaga.
250 ## - EDITION STATEMENT
Edition statement 7a edición
264 31 - PRODUCTION, PUBLICATION, DISTRIBUTION, MANUFACTURE, AND COPYRIGHT NOTICE
Place of production, publication, distribution, manufacture Tlaquepaque, Jalisco :
Name of producer, publisher, distributor, manufacturer Editorial Alba,
-- San Pablo,
Date of production, publication, distribution, manufacture, or copyright notice 2012
300 ## - PHYSICAL DESCRIPTION
Extent 199 páginas ;
Dimensions 21 cm.
336 ## - CONTENT TYPE
Fuente rdacontent
Content type term texto
Content type code txt
337 ## - MEDIA TYPE
Source rdamedia
Media type term sin medio
Media type code n
338 ## - CARRIER TYPE
Source rdacarrier
Carrier type term volumen
Carrier type code nc
650 14 - SUBJECT ADDED ENTRY--TOPICAL TERM
Topical term or geographic name entry element Meditación
Form subdivision Oraciones
650 14 - SUBJECT ADDED ENTRY--TOPICAL TERM
Topical term or geographic name entry element Vida cristiana
Form subdivision Versos
942 ## - ADDED ENTRY ELEMENTS (KOHA)
Source of classification or shelving scheme Dewey Decimal Classification
Koha item type Libro
Classification part 242.2
Item part L318
Existencias
Withdrawn status Lost status Source of classification or shelving scheme Damaged status Not for loan Collection code Home library Current library Shelving location Date acquired Source of acquisition Total Checkouts Full call number Barcode Price effective from Koha item type Serial Enumeration / chronology Date last seen Date last checked out
    Dewey Decimal Classification     General Tehuacán Tehuacán Sala general 03/12/2013 Compra   242.2 L318 2012 507894 03/12/2013 Libro      
    Dewey Decimal Classification     General Tehuacán Tehuacán Sala general 03/09/2019   1 242.2 L318 2012 968000000094 03/09/2019 Libro Ej.2 08/01/2025 06/09/2024